| 000 | 00388nam a2200169Ia 4500 | ||
|---|---|---|---|
| 008 | 170705s9999 xx 000 0 und d | ||
| 020 | _a9780531122518 | ||
| 245 | _aSchool conflict / | ||
| 245 | _cTish Davidson. | ||
| 260 | _aNew York : | ||
| 260 | _bScholastic, | ||
| 260 | _c2003 | ||
| 300 | _a79 pages : | ||
| 300 | _bcolor illustration ; | ||
| 300 | _c21cm. | ||
| 500 | _a1180 | ||
| 999 |
_c336306 _d336306 |
||